| 000 | 00891nam a22002417a 4500 | ||
|---|---|---|---|
| 999 |
_c454 _d454 |
||
| 003 | AR-CdUCM | ||
| 008 | 190223b ||||| |||| 00| 0 spa d | ||
| 020 | _a9789972515408 | ||
| 040 |
_aMUNICIPALIDAD PROVINCIAL DEL CUSCO _cBIBLIOTECA MUNICIPAL DEL CUSCO |
||
| 082 |
_22ed. _a985.033 / _bW19 |
||
| 100 |
_aWalker, Charles _91788 |
||
| 245 | _aLa rebelión de Tupac Amaru / | ||
| 260 |
_aLima : _bIEP , _c2015. |
||
| 300 |
_a346 páginas. _bimágenes. _c20 cm. |
||
| 500 | _aTraducción de Óscar Hidalgo. | ||
| 505 | _aLa ejecución de Arriaga -- Los andes en el mundo atlántico -- De pampamarca a sangarara -- La rebelión se extiende al sur -- Elsitio del cuzco -- La persecucion de Tupac Amaru... | ||
| 650 |
_aLa gran rebelión. _91683 |
||
| 650 |
_aTupac Amaru. _9623 |
||
| 650 |
_aCharles Walker _91789 |
||
| 650 |
_aCusco. _9772 |
||
| 942 |
_2ddc _cLIBROS |
||
| 945 |
_awfj _d2019-02-23 |
||